000 00559nam a2200157 4500
001 137471
003 ES-MaACL
005 20230906195359.0
007 t|
008 070214s1973 sp r ||||1| spa d
100 1 _aSánchez Baeza, Emilio.
_9102477
245 1 4 _aUna locura
_b: relato escenificado de la construcción de la iglesia parroquial de la Purísima Concepción de Javalí : viejo (Murcia), años 1955-1956 /
_cEmilio Sánchez Baeza.
260 _aMurcia :
_bNogués,
_c1973.
300 _a89 p. ;
_c22 cm.
852 _aES-MaACL
_jC-55988
_bR.88655
999 _c137471
_d137471